| 000 | 00618nam a22002057a 4500 | ||
|---|---|---|---|
| 999 |
_c987 _d987 |
||
| 003 | AR-CdUCM | ||
| 008 | 190226b ||||| |||| 00| 0 spa d | ||
| 020 | _a9789972291579 | ||
| 040 |
_aMUNICIPALIDAD PROVINCIAL DEL CUSCO _cBIBLIOTECA MUNICIPAL DEL CUSCO |
||
| 082 |
_a869.57 / _bB51 |
||
| 100 |
_aBezzubikoff Díaz, Evgueni _93847 |
||
| 245 | _aCartas de Nueva York / | ||
| 260 |
_aLima : _bHipocampo Editores, _c2007. |
||
| 300 |
_a70 páginas ; _c21 cm. |
||
| 650 |
_aPoesías peruanas _91481 |
||
| 650 |
_aPoesías siglo XXI _93848 |
||
| 650 |
_aDiscurso inmigrante _93849 |
||
| 942 |
_2ddc _cLIBROS |
||
| 945 | _azta | ||